书目信息 |
| 题名: |
高等工程力学 上册
|
|
| 作者: | 萨博 著 ;雷有常 译 | |
| 分册: | ||
| 出版信息: | 北京 海洋出版社 1985.1 |
|
| 页数: | 776页 | |
| 开本: | 20cm | |
| 丛书名: | ||
| 单 册: | ||
| 中图分类: | TB12 | |
| 科图分类: | ||
| 主题词: | 工程力学 | |
| 电子资源: | ||
| ISBN: | ||
| 000 | 00563nam0 2200205 45 | |
| 001 | 0312221749 | |
| 005 | 20031222170906.8 | |
| 010 | @dCNY3.75 | |
| 100 | @a20031222d1985 km y0chiy0120 ea | |
| 101 | @achi | |
| 105 | @a z 000yy | |
| 200 | 1 | @a高等工程力学 上册@AGao Deng Gong Cheng Li Xue Shang Ce@f萨博著@FSa Bo Zhu@g雷有常等译 |
| 210 | @a北京@c海洋出版社@d1985.1 | |
| 215 | @a776页@d20cm | |
| 606 | 0 | @a工程力学 |
| 690 | @aTB12@v3 | |
| 701 | 0 | @a萨博@4著 |
| 702 | 0 | @a雷有常@4译 |
| 801 | @aCN@bTSTCL@c20031222 | |
| 905 | @a213230@dTB12@e1:1@b159626-627@f2 | |
| 高等工程力学 上册/萨博著/雷有常等译.-北京:海洋出版社,1985.1 |
| 776页;20cm |
| ISBN :CNY3.75 |
| ● |
| 相关链接 |
|
|
|
|
正题名:高等工程力学 上册
索取号:TB12/1:1
 
预约/预借
| 序号 | 登录号 | 条形码 | 馆藏地/架位号 | 状态 | 备注 |
| 1 | 0159626 | 000883388 | 密集书库/ [索取号:TB12/1:1] | 在馆 | |
| 2 | 0159627 | 000883379 | 第二样本阅览室/ [索取号:TB12/1:1] | 在馆 |